Railway Stations in Great Britain Starting with R - Statistics

General Stats
  • This quiz has been taken 46 times
  • The average score is 34 of 94
Answer Stats
County Passengers (2024/2025) Station % Correct
Berkshire 14,324,664 Reading
100%
Worcestershire 910,428 Redditch
81%
Greater London 9,515,642 Richmond
81%
South Yorkshire 463,418 Rotherham Central
81%
Kent 1,702,048 Rainham
75%
Greater London 1,525,196 Rainham
75%
Berkshire 481,548 Reading West
75%
Cornwall 5,230 Roche
75%
Greater London 12,143,302 Romford
75%
Warwickshire 2,392,296 Rugby
75%
Essex 1,552,860 Rayleigh
69%
Greater Manchester 1,629,872 Rochdale
69%
Kent 2,059,228 Rochester
69%
Surrey 3,175,326 Redhill
63%
Surrey 1,168,558 Reigate
56%
Isle of Wight 129,184 Ryde Pier Head
56%
East Sussex 480,232 Rye
56%
Kent 1,375,656 Ramsgate
50%
Berkshire 221,482 Reading Green Park
50%
Hampshire 33,394 Redbridge
50%
North Yorkshire 411,366 Redcar Central
50%
Cornwall 415,576 Redruth
50%
Denbighshire 611,984 Rhyl
50%
Hertfordshire 998,182 Rickmansworth
50%
Hertfordshire 1,415,838 Royston
50%
Cheshire 731,962 Runcorn
50%
Isle of Wight 130,196 Ryde Esplanade
50%
Isle of Wight 53,256 Ryde St Johns Road
50%
Hertfordshire 1,270,406 Radlett
44%
Oxfordshire 131,590 Radley
44%
Greater London 3,497,682 Raynes Park
44%
Nottinghamshire 602,590 Retford
44%
Essex 671,248 Rochford
44%
Greater London 1,739,436 Rotherhithe
44%
Hampshire 132,580 Rowlands Castle
44%
South Lanarkshire 871,338 Rutherglen
44%
Hertfordshire 436,060 Rye House
44%
Merseyside 186,148 Rainhill
38%
North Yorkshire 106,420 Redcar East
38%
Caerphilly 122,510 Rhymney
38%
Hampshire 456,802 Romsey
38%
Norfolk 21,340 Roughton Road
38%
Staffordshire 201,346 Rugeley Trent Valley
38%
Nottinghamshire 13,844 Radcliffe
31%
Greater London 235,210 Ravensbourne
31%
Greater London 1,325,536 Rectory Road
31%
Greater Manchester 163,300 Reddish North
31%
Greater Manchester 102 Reddish South
31%
City of Bristol 230,370 Redland
31%
Greater London 105,708 Reedham
31%
Norfolk 41,566 Reedham
31%
West Dunbartonshire 67,362 Renton
31%
Scottish Borders 29,896 Reston
31%
Vale of Glamorgan 172,314 Rhoose Cardiff International Airport
31%
East Sussex 274,328 Robertsbridge
31%
Merseyside 686,206 Rock Ferry
31%
Nottinghamshire 4,602 Rolleston
31%
Essex 133,388 Roydon
31%
Greater London 287,038 Riddlesdown
25%
Caerphilly 95,416 Risca and Pontymister
25%
Highland 1,084 Rogart
25%
Newport 87,268 Rogerstone
25%
Conwy 612 Roman Bridge
25%
Greater Manchester 287,016 Romiley
25%
Lancashire 73,300 Rose Grove
25%
Wrexham 117,454 Ruabon
25%
Cheshire 195,576 Runcorn East
25%
Cardiff 450,356 Radyr
19%
Merseyside 26,220 Rainford
19%
Cumbria 38,812 Ravenglass
19%
North Yorkshire 33,682 Ribblehead
19%
Bedfordshire 17,682 Ridgmont
19%
Glasgow City 243,276 Robroyston
19%
Cumbria 79,286 Roose
19%
Highland 3,332 Roy Bridge
19%
Staffordshire 185,286 Rugeley Town
19%
Lincolnshire 70,984 Ruskington
19%
North Yorkshire 4,112 Ruswarp
19%
Perth and Kinross 7,802 Rannoch
13%
Lincolnshire 5,004 Rauceby
13%
West Yorkshire 31,442 Ravensthorpe
13%
Cardiff 81,840 Rhiwbina
13%
Isle of Anglesey 14,042 Rhosneigr
13%
Merseyside 422,834 Rice Lane
13%
Merseyside 201,256 Roby
13%
Greater Manchester 119,744 Rose Hill Marple
13%
Greater Manchester 28,052 Ryder Brow
13%
East Riding of Yorkshire 412 Rawcliffe
6%
Northumberland 33,170 Riding Mill
6%
Fife 198,140 Rosyth
6%
West Midlands 1,014,812 Rowley Regis
6%
Lancashire 24,438 Rufford
6%
Lancashire 91,780 Ramsgreave and Wilpshire
0%
Lancashire 41,332 Rishton
0%
No matching quizzes found
Score Distribution
Percent of People with Each Score
Percentile by Number Answered
Your Score History
You have not taken this quiz